000 00396pab a2200157 454500
008 180718b2001 xxu||||| |||| 00| 0 eng d
100 _aKrishan, Kulbir
245 _aPolicing the Indo-Bangladesh border
260 _c2001
300 _ap.663-73
362 _aAug
650 _aIndia - Boundaries - Bangladesh
650 _aBoundary disputes
773 _aStrategic Analysis
909 _a49416
999 _c49416
_d49416